[Event "World Youth & Cadets Blitz Championships"]
[Site "Rhodes, Greece"]
[Date "2022.05.03"]
[Round "7.18"]
[White "Mompel Ferruz, Xavier"]
[Black "Gloeckler, Christian"]
[Result "0-1"]
[TimeControl "5'/game & 2\"/move"]
[WhiteElo "1560"]
[BlackElo "1595"]

1. e4 {[%clk 00:05:02]} c5 {[%clk 00:05:04]} {[%emt 00:00:01]} 2. Nf3 {[%clk
00:05:03]} {[%emt 00:00:01]} d6 {[%clk 00:05:05]} {[%emt 00:00:01]} 3. d4
{[%clk 00:05:04]} {[%emt 00:00:01]} cxd4 {[%clk 00:05:06]} {[%emt 00:00:01]} 4.
Nxd4 {[%clk 00:05:05]} {[%emt 00:00:01]} Nf6 {[%clk 00:05:06]} {[%emt
00:00:02]} 5. Nc3 {[%clk 00:05:05]} {[%emt 00:00:01]} a6 {[%clk 00:05:07]} 6.
h3 {[%clk 00:05:06]} {[%emt 00:00:01]} e5 {[%clk 00:05:08]} {[%emt 00:00:01]} 7.
Nde2 {[%clk 00:05:07]} {[%emt 00:00:02]} Be6 {[%clk 00:05:08]} {[%emt
00:00:02]} 8. g4 {[%clk 00:05:07]} {[%emt 00:00:01]} Be7 {[%clk 00:05:08]}
{[%emt 00:00:03]} 9. Bg2 {[%clk 00:05:07]} {[%emt 00:00:01]} O-O {[%clk
00:05:06]} {[%emt 00:00:05]} 10. Ng3 {[%clk 00:05:08]} {[%emt 00:00:01]} Re8
{[%clk 00:05:04]} {[%emt 00:00:04]} 11. Be3 {[%clk 00:05:05]} {[%emt 00:00:04]}
b5 {[%clk 00:05:02]} {[%emt 00:00:04]} 12. O-O {[%clk 00:05:04]} {[%emt
00:00:03]} g6 {[%clk 00:04:55]} {[%emt 00:00:09]} 13. Qd2 {[%clk 00:04:59]}
{[%emt 00:00:07]} Qc7 {[%clk 00:04:47]} {[%emt 00:00:11]} 14. Rad1 {[%clk
00:04:54]} {[%emt 00:00:07]} b4 {[%clk 00:04:42]} {[%emt 00:00:08]} 15. Nd5
{[%clk 00:04:54]} {[%emt 00:00:01]} Bxd5 {[%clk 00:04:38]} {[%emt 00:00:07]} 16.
exd5 {[%clk 00:04:53]} {[%emt 00:00:03]} a5 {[%clk 00:04:39]} 17. Ne4 {[%clk
00:04:42]} {[%emt 00:00:12]} Nxe4 {[%clk 00:04:35]} {[%emt 00:00:05]} 18. Bxe4
{[%clk 00:04:42]} {[%emt 00:00:03]} Nd7 {[%clk 00:04:35]} {[%emt 00:00:02]} 19.
g5 {[%clk 00:04:23]} {[%emt 00:00:20]} Rac8 {[%clk 00:04:14]} {[%emt 00:00:23]}
20. h4 {[%clk 00:04:15]} {[%emt 00:00:10]} f5 {[%clk 00:04:13]} {[%emt
00:00:04]} 21. gxf6 {[%clk 00:04:06]} {[%emt 00:00:11]} Nxf6 {[%clk 00:04:13]}
{[%emt 00:00:02]} 22. Bg2 {[%clk 00:04:04]} {[%emt 00:00:03]} Qxc2 {[%clk
00:04:12]} {[%emt 00:00:03]} 23. Bh3 {[%clk 00:03:52]} {[%emt 00:00:14]} Ne4
{[%clk 00:03:25]} {[%emt 00:00:50]} 24. Qxc2 {[%clk 00:02:58]} {[%emt
00:00:55]} Rxc2 {[%clk 00:03:24]} {[%emt 00:00:03]} 25. h5 {[%clk 00:02:46]}
{[%emt 00:00:15]} Rxb2 {[%clk 00:02:50]} {[%emt 00:00:36]} 26. Be6+ {[%clk
00:01:24]} {[%emt 00:01:24]} Kg7 {[%clk 00:02:48]} {[%emt 00:00:04]} 27. Kg2
{[%clk 00:01:19]} {[%emt 00:00:06]} Bg5 {[%clk 00:02:01]} {[%emt 00:00:49]} 28.
h6+ {[%clk 00:00:30]} {[%emt 00:00:51]} Bxh6 {[%clk 00:01:16]} {[%emt
00:00:47]} 29. Kf3 {[%clk 00:00:30]} {[%emt 00:00:03]} Nc3 {[%clk 00:01:00]}
{[%emt 00:00:18]} 30. Bxh6+ {[%clk 00:00:13]} {[%emt 00:00:18]} Kxh6 {[%clk
00:01:00]} {[%emt 00:00:02]} 31. Rh1+ {[%clk 00:00:13]} {[%emt 00:00:02]} Kg7
{[%clk 00:01:00]} {[%emt 00:00:02]} 32. Rdf1 {[%clk 00:00:09]} {[%emt
00:00:06]} Rf8+ {[%clk 00:00:59]} {[%emt 00:00:04]} 33. Ke3 {[%clk 00:00:09]}
{[%emt 00:00:02]} Re2+ {[%clk 00:00:51]} {[%emt 00:00:09]} 34. Kd3 {[%clk
00:00:07]} {[%emt 00:00:04]} Rf3+ {[%clk 00:00:50]} {[%emt 00:00:04]} 35. Kc4
{[%clk 00:00:07]} {[%emt 00:00:03]} Rf4+ {[%clk 00:00:44]} {[%emt 00:00:07]} 36.
Kb3 {[%clk 00:00:07]} {[%emt 00:00:02]} a4# {[%clk 00:00:44]} {[%emt 00:00:01]}
0-1

[Event "World Youth & Cadets Blitz Championships"]
[Site "Rhodes, Greece"]
[Date "2022.05.03"]
[Round "7.19"]
[White "Rajandu, Aaron"]
[Black "Soulier, Alfred"]
[Result "0-1"]
[TimeControl "5'/game & 2\"/move"]
[WhiteElo "1402"]
[BlackElo "1293"]

1. d4 {[%clk 00:05:03]} {[%emt 00:00:01]} Nf6 {[%clk 00:05:03]} {[%emt
00:00:01]} 2. Nf3 {[%clk 00:05:03]} {[%emt 00:00:02]} g6 {[%clk 00:05:04]}
{[%emt 00:00:01]} 3. c4 {[%clk 00:05:01]} {[%emt 00:00:03]} Bg7 {[%clk
00:05:04]} {[%emt 00:00:02]} 4. Nc3 {[%clk 00:05:01]} {[%emt 00:00:02]} O-O
{[%clk 00:05:04]} {[%emt 00:00:03]} 5. e3 {[%clk 00:04:58]} {[%emt 00:00:05]}
d6 {[%clk 00:05:03]} {[%emt 00:00:02]} 6. Be2 {[%clk 00:04:55]} {[%emt
00:00:05]} c5 {[%clk 00:05:04]} {[%emt 00:00:02]} 7. O-O {[%clk 00:04:54]}
{[%emt 00:00:03]} cxd4 {[%clk 00:04:58]} {[%emt 00:00:07]} 8. exd4 {[%clk
00:04:54]} {[%emt 00:00:02]} a6 {[%clk 00:04:49]} {[%emt 00:00:11]} 9. Be3
{[%clk 00:04:32]} {[%emt 00:00:24]} Qc7 {[%clk 00:04:48]} {[%emt 00:00:04]} 10.
Qc1 {[%clk 00:04:26]} {[%emt 00:00:06]} Ng4 {[%clk 00:04:09]} {[%emt 00:00:42]}
11. h3 {[%clk 00:04:20]} {[%emt 00:00:08]} Nxe3 {[%clk 00:04:09]} {[%emt
00:00:03]} 12. fxe3 {[%clk 00:04:19]} {[%emt 00:00:02]} e6 {[%clk 00:03:57]}
{[%emt 00:00:15]} 13. d5 {[%clk 00:04:10]} {[%emt 00:00:10]} e5 {[%clk
00:03:46]} {[%emt 00:00:14]} 14. e4 {[%clk 00:04:09]} {[%emt 00:00:03]} f5
{[%clk 00:03:35]} {[%emt 00:00:13]} 15. Nd2 {[%clk 00:04:09]} {[%emt 00:00:02]}
f4 {[%clk 00:03:22]} {[%emt 00:00:14]} 16. Qe1 {[%clk 00:03:50]} {[%emt
00:00:20]} Nd7 {[%clk 00:03:03]} {[%emt 00:00:23]} 17. b4 {[%clk 00:03:42]}
{[%emt 00:00:10]} Qb6+ {[%clk 00:02:40]} {[%emt 00:00:25]} 18. c5 {[%clk
00:03:31]} {[%emt 00:00:13]} dxc5 {[%clk 00:02:19]} {[%emt 00:00:23]} 19. Nc4
{[%clk 00:02:43]} {[%emt 00:00:49]} Qa7 {[%clk 00:01:44]} {[%emt 00:00:38]} 20.
b5 {[%clk 00:02:37]} {[%emt 00:00:08]} Nb6 {[%clk 00:00:39]} {[%emt 00:01:07]}
21. a4 {[%clk 00:02:24]} {[%emt 00:00:15]} Nxc4 {[%clk 00:00:37]} {[%emt
00:00:04]} 22. Bxc4 {[%clk 00:02:24]} {[%emt 00:00:02]} Kh8 {[%clk 00:00:33]}
{[%emt 00:00:06]} 23. Qe2 {[%clk 00:01:58]} {[%emt 00:00:27]} a5 {[%clk
00:00:26]} {[%emt 00:00:10]} 24. Rfd1 {[%clk 00:01:53]} {[%emt 00:00:05]} b6
{[%clk 00:00:23]} {[%emt 00:00:07]} 25. d6 {[%clk 00:01:48]} {[%emt 00:00:06]}
Bd7 {[%clk 00:00:11]} {[%emt 00:00:15]} 26. Nd5 {[%clk 00:01:37]} {[%emt
00:00:12]} Rac8 {[%clk 00:00:08]} {[%emt 00:00:06]} 27. Ne7 {[%clk 00:01:24]}
{[%emt 00:00:15]} Rce8 {[%clk 00:00:09]} {[%emt 00:00:01]} 28. Nc6 {[%clk
00:01:14]} {[%emt 00:00:12]} Qb7 {[%clk 00:00:10]} {[%emt 00:00:02]} 29. Bd5
{[%clk 00:01:12]} {[%emt 00:00:03]} Qc8 {[%clk 00:00:09]} {[%emt 00:00:02]} 30.
Ne7 {[%clk 00:01:06]} {[%emt 00:00:09]} Qd8 {[%clk 00:00:08]} {[%emt 00:00:03]}
31. Bc6 {[%clk 00:00:56]} {[%emt 00:00:12]} Bf6 {[%clk 00:00:08]} {[%emt
00:00:03]} 32. Nd5 {[%clk 00:00:33]} {[%emt 00:00:24]} Bxc6 {[%clk 00:00:06]}
{[%emt 00:00:04]} 33. Nxf6 {[%clk 00:00:33]} {[%emt 00:00:03]} Rxf6 {[%clk
00:00:04]} {[%emt 00:00:03]} 34. bxc6 {[%clk 00:00:22]} {[%emt 00:00:13]} Rxd6
{[%clk 00:00:05]} {[%emt 00:00:01]} 35. Qg4 {[%clk 00:00:19]} {[%emt 00:00:04]}
Rxd1+ {[%clk 00:00:05]} {[%emt 00:00:03]} 36. Rxd1 {[%clk 00:00:20]} {[%emt
00:00:01]} Qc7 {[%clk 00:00:05]} {[%emt 00:00:02]} 37. Qd7 {[%clk 00:00:12]}
{[%emt 00:00:09]} Qxd7 {[%clk 00:00:05]} {[%emt 00:00:02]} 38. Rxd7 {[%clk
00:00:11]} {[%emt 00:00:03]} Kg8 {[%clk 00:00:05]} {[%emt 00:00:03]} 39. Rb7
{[%clk 00:00:11]} {[%emt 00:00:02]} Kf8 {[%clk 00:00:04]} {[%emt 00:00:03]} 40.
Rxb6 {[%clk 00:00:09]} {[%emt 00:00:04]} Rc8 {[%clk 00:00:04]} {[%emt
00:00:02]} 41. Kf2 {[%clk 00:00:07]} {[%emt 00:00:04]} Ke7 {[%clk 00:00:04]}
{[%emt 00:00:02]} 42. Ke2 {[%clk 00:00:07]} {[%emt 00:00:02]} Kd6 {[%clk
00:00:04]} {[%emt 00:00:01]} 43. Rb5 {[%clk 00:00:08]} {[%emt 00:00:02]} Rxc6
{[%clk 00:00:04]} {[%emt 00:00:02]} 44. Rxa5 {[%clk 00:00:09]} c4 {[%clk
00:00:04]} {[%emt 00:00:02]} 45. Kd2 {[%clk 00:00:10]} Rc5 {[%clk 00:00:04]}
{[%emt 00:00:02]} 46. Ra6+ {[%clk 00:00:10]} {[%emt 00:00:02]} Kd7 {[%clk
00:00:03]} {[%emt 00:00:03]} 47. Ra7+ {[%clk 00:00:11]} {[%emt 00:00:01]} Kd6
{[%clk 00:00:03]} {[%emt 00:00:03]} 48. Rxh7 {[%clk 00:00:11]} {[%emt
00:00:01]} Ra5 {[%clk 00:00:04]} {[%emt 00:00:01]} 49. Kc3 {[%clk 00:00:10]}
{[%emt 00:00:03]} Rxa4 {[%clk 00:00:04]} {[%emt 00:00:02]} 50. Rh6 {[%clk
00:00:11]} {[%emt 00:00:01]} Kc5 {[%clk 00:00:03]} {[%emt 00:00:03]} 51. Rxg6
{[%clk 00:00:09]} {[%emt 00:00:03]} Ra3+ {[%clk 00:00:04]} {[%emt 00:00:01]} 52.
Kc2 {[%clk 00:00:10]} {[%emt 00:00:02]} Kd4 {[%clk 00:00:05]} {[%emt 00:00:02]}
53. Rd6+ {[%clk 00:00:10]} {[%emt 00:00:02]} Kxe4 {[%clk 00:00:05]} {[%emt
00:00:01]} 54. Rd2 {[%clk 00:00:09]} {[%emt 00:00:02]} Ra2+ {[%clk 00:00:06]}
{[%emt 00:00:02]} 55. Kc3 {[%clk 00:00:08]} {[%emt 00:00:02]} Rxd2 {[%clk
00:00:07]} {[%emt 00:00:01]} 56. Kxd2 {[%emt 00:00:02]} Kd4 {[%clk 00:00:08]}
57. h4 {[%clk 00:00:10]} {[%emt 00:00:02]} c3+ {[%clk 00:00:08]} {[%emt
00:00:03]} 58. Kc2 {[%clk 00:00:10]} {[%emt 00:00:01]} e4 {[%clk 00:00:07]}
{[%emt 00:00:03]} 59. h5 {[%clk 00:00:08]} {[%emt 00:00:04]} f3 {[%clk
00:00:07]} {[%emt 00:00:02]} 60. h6 {[%clk 00:00:08]} {[%emt 00:00:01]} fxg2
{[%clk 00:00:07]} {[%emt 00:00:02]} 61. h7 {[%clk 00:00:09]} {[%emt 00:00:01]}
g1=Q {[%clk 00:00:08]} {[%emt 00:00:02]} 62. h8=Q+ {[%clk 00:00:00]} {[%emt
00:00:04]} Kd5 {[%clk 00:00:07]} {[%emt 00:01:24]} 63. Qxc3 {[%clk 00:01:02]}
{[%emt 00:00:05]} e3 {[%clk 00:00:06]} {[%emt 00:00:04]} 64. Qd3+ {[%clk
00:00:59]} {[%emt 00:00:04]} Ke5 {[%clk 00:00:06]} {[%emt 00:00:02]} 65. Qb5+
{[%clk 00:00:57]} {[%emt 00:00:04]} Kf4 {[%clk 00:00:07]} {[%emt 00:00:02]} 66.
Qb8+ {[%clk 00:00:55]} {[%emt 00:00:04]} Kf3 {[%clk 00:00:07]} {[%emt
00:00:02]} 67. Qb7+ {[%clk 00:00:49]} {[%emt 00:00:08]} Kf2 {[%clk 00:00:06]}
{[%emt 00:00:03]} 68. Qf7 {[%clk 00:00:48]} {[%emt 00:00:02]} Ke1 {[%clk
00:00:06]} {[%emt 00:00:03]} 69. Qe7 {[%clk 00:00:17]} {[%emt 00:00:31]} Qf2+
{[%clk 00:00:05]} {[%emt 00:00:05]} 70. Kb1 {[%clk 00:00:16]} {[%emt 00:00:02]}
e2 {[%clk 00:00:05]} {[%emt 00:00:03]} 71. Qd6 {[%clk 00:00:10]} {[%emt
00:00:07]} Kf1 {[%clk 00:00:05]} {[%emt 00:00:03]} 72. Qa6 {[%clk 00:00:09]}
{[%emt 00:00:03]} Qe1+ {[%clk 00:00:04]} {[%emt 00:00:03]} 73. Kb2 {[%clk
00:00:09]} {[%emt 00:00:02]} Qd2+ {[%clk 00:00:04]} {[%emt 00:00:02]} 74. Kb1
{[%clk 00:00:09]} {[%emt 00:00:02]} Kg2 {[%clk 00:00:04]} {[%emt 00:00:02]} 75.
Qg6+ {[%clk 00:00:09]} {[%emt 00:00:02]} Kf3 {[%clk 00:00:05]} {[%emt
00:00:01]} 76. Qf5+ {[%emt 00:00:03]} Qf4 {[%clk 00:00:06]} 77. Qh5+ {[%clk
00:00:07]} {[%emt 00:00:04]} Kf2 {[%clk 00:00:06]} {[%emt 00:00:02]} 78. Qc5+
{[%clk 00:00:06]} {[%emt 00:00:02]} Kf1 {[%clk 00:00:06]} {[%emt 00:00:03]} 79.
Qc2 {[%clk 00:00:03]} {[%emt 00:00:05]} e1=Q+ {[%clk 00:00:05]} {[%emt
00:00:03]} 80. Kb2 {[%clk 00:00:04]} {[%emt 00:00:01]} Qfd2 {[%clk 00:00:06]}
81. Kb3 {[%clk 00:00:05]} {[%emt 00:00:01]} Qxc2+ {[%clk 00:00:06]} {[%emt
00:00:01]} 0-1

[Event "World Youth & Cadets Blitz Championships"]
[Site "Rhodes, Greece"]
[Date "2022.05.03"]
[Round "7.20"]
[White "Yu, Rock"]
[Black "Morrison, Joseph"]
[Result "1-0"]
[TimeControl "5'/game & 2\"/move"]
[WhiteElo "1488"]
[BlackElo "1702"]

1. c4 {[%clk 00:05:03]} g6 {[%clk 00:05:02]} {[%emt 00:00:03]} 2. Nc3 {[%clk
00:05:04]} {[%emt 00:00:01]} Bg7 {[%clk 00:05:03]} {[%emt 00:00:01]} 3. g3
{[%clk 00:05:05]} {[%emt 00:00:01]} c6 {[%clk 00:05:02]} {[%emt 00:00:02]} 4.
Bg2 {[%clk 00:05:06]} {[%emt 00:00:01]} Nf6 {[%clk 00:04:58]} {[%emt 00:00:06]}
5. e4 {[%clk 00:05:07]} {[%emt 00:00:01]} O-O {[%clk 00:04:42]} {[%emt
00:00:18]} 6. Nge2 {[%clk 00:05:08]} d6 {[%clk 00:04:34]} {[%emt 00:00:10]} 7.
O-O {[%clk 00:05:06]} {[%emt 00:00:03]} Qc7 {[%clk 00:04:35]} {[%emt 00:00:02]}
8. d3 {[%clk 00:05:07]} {[%emt 00:00:02]} e5 {[%clk 00:04:33]} {[%emt
00:00:03]} 9. f4 {[%clk 00:05:07]} {[%emt 00:00:02]} Nbd7 {[%clk 00:04:31]}
{[%emt 00:00:04]} 10. f5 {[%clk 00:05:03]} {[%emt 00:00:05]} Nc5 {[%clk
00:04:26]} {[%emt 00:00:07]} 11. Be3 {[%clk 00:05:03]} {[%emt 00:00:03]} b6
{[%clk 00:04:20]} {[%emt 00:00:08]} 12. h3 {[%clk 00:04:57]} {[%emt 00:00:08]}
Bb7 {[%clk 00:04:13]} {[%emt 00:00:09]} 13. g4 {[%clk 00:04:56]} {[%emt
00:00:03]} Rfe8 {[%clk 00:04:04]} {[%emt 00:00:11]} 14. g5 {[%clk 00:04:57]}
Nfd7 {[%clk 00:03:54]} {[%emt 00:00:12]} 15. f6 {[%clk 00:04:57]} {[%emt
00:00:01]} Bf8 {[%clk 00:03:55]} {[%emt 00:00:02]} 16. h4 {[%clk 00:04:55]}
{[%emt 00:00:04]} Rad8 {[%clk 00:03:36]} {[%emt 00:00:21]} 17. h5 {[%clk
00:04:54]} {[%emt 00:00:03]} Nb8 {[%clk 00:03:22]} {[%emt 00:00:16]} 18. Ng3
{[%clk 00:04:36]} {[%emt 00:00:19]} Rd7 {[%clk 00:03:19]} {[%emt 00:00:06]} 19.
Bh3 {[%clk 00:04:35]} {[%emt 00:00:03]} Rdd8 {[%clk 00:03:13]} {[%emt
00:00:08]} 20. Kg2 {[%clk 00:04:25]} {[%emt 00:00:11]} Bc8 {[%clk 00:03:14]}
{[%emt 00:00:02]} 21. Bxc8 {[%clk 00:04:20]} {[%emt 00:00:07]} Qxc8 {[%emt
00:00:02]} 22. hxg6 {[%clk 00:04:09]} {[%emt 00:00:11]} hxg6 {[%clk 00:02:57]}
{[%emt 00:00:20]} 23. Rh1 {[%clk 00:04:10]} {[%emt 00:00:02]} Bg7 {[%emt
00:00:36]} 24. Nh5 {[%clk 00:03:42]} {[%emt 00:00:28]} Bh8 {[%clk 00:01:56]}
{[%emt 00:00:31]} 25. Ng3 {[%clk 00:03:28]} {[%emt 00:00:15]} Qe6 {[%clk
00:01:39]} {[%emt 00:00:20]} 26. Rxh8+ {[%clk 00:03:22]} {[%emt 00:00:08]} Kxh8
{[%clk 00:01:31]} {[%emt 00:00:10]} 27. Qh1+ {[%clk 00:03:22]} {[%emt
00:00:02]} Kg8 {[%clk 00:01:11]} {[%emt 00:00:22]} 28. Qh6 {[%clk 00:03:22]}
1-0

[Event "World Youth & Cadets Blitz Championships"]
[Site "Rhodes, Greece"]
[Date "2022.05.03"]
[Round "7.21"]
[White "Gabadadze, Gabriel"]
[Black "Jalving, August"]
[Result "1-0"]
[TimeControl "5'/game & 2\"/move"]
[WhiteElo "1254"]
[BlackElo "1908"]

1. e4 {[%clk 00:05:02]} {[%emt 00:05:00]} c6 {[%clk 00:05:01]} {[%emt
00:00:03]} 2. d4 {[%clk 00:05:05]} {[%emt 00:00:02]} d5 {[%clk 00:05:02]} 3.
Nd2 {[%clk 00:05:07]} {[%emt 00:00:01]} dxe4 {[%clk 00:05:02]} {[%emt
00:00:02]} 4. Nxe4 {[%clk 00:05:08]} Nf6 {[%clk 00:05:04]} 5. Nxf6+ {[%clk
00:05:09]} {[%emt 00:00:01]} exf6 {[%clk 00:05:05]} 6. c3 {[%clk 00:05:10]} Bd6
{[%clk 00:05:06]} 7. Bd3 {[%clk 00:05:11]} O-O {[%clk 00:05:05]} {[%emt
00:00:02]} 8. Qc2 {[%clk 00:05:13]} Re8+ {[%clk 00:05:06]} 9. Ne2 {[%clk
00:05:13]} {[%emt 00:00:01]} h5 {[%clk 00:05:08]} 10. O-O {[%clk 00:05:14]}
{[%emt 00:00:02]} h4 {[%clk 00:05:03]} {[%emt 00:00:07]} 11. Bf4 {[%clk
00:05:14]} Bg4 {[%clk 00:04:39]} {[%emt 00:00:25]} 12. f3 {[%clk 00:05:04]}
{[%emt 00:00:12]} Bh5 {[%clk 00:04:30]} {[%emt 00:00:12]} 13. Rae1 {[%clk
00:04:57]} {[%emt 00:00:09]} Na6 {[%clk 00:04:18]} {[%emt 00:00:14]} 14. Bxa6
{[%clk 00:04:26]} {[%emt 00:00:33]} bxa6 {[%clk 00:04:18]} {[%emt 00:00:02]} 15.
Bxd6 {[%clk 00:03:59]} {[%emt 00:00:29]} Qxd6 {[%clk 00:04:18]} {[%emt
00:00:02]} 16. Nc1 {[%clk 00:03:59]} {[%emt 00:00:02]} h3 {[%clk 00:04:04]}
{[%emt 00:00:17]} 17. g4 {[%clk 00:03:11]} {[%emt 00:00:49]} Bg6 {[%clk
00:04:05]} {[%emt 00:00:02]} 18. Qf2 {[%clk 00:03:10]} {[%emt 00:00:03]} Qf4
{[%clk 00:03:36]} {[%emt 00:00:31]} 19. Qg3 {[%clk 00:02:52]} {[%emt 00:00:19]}
Qd2 {[%clk 00:03:30]} {[%emt 00:00:09]} 20. Qf2 {[%clk 00:02:35]} {[%emt
00:00:19]} Qf4 {[%clk 00:03:23]} {[%emt 00:00:09]} 21. Qg3 {[%clk 00:02:28]}
{[%emt 00:00:09]} Qd2 {[%clk 00:03:19]} {[%emt 00:00:06]} 22. Qf2 {[%clk
00:02:25]} {[%emt 00:00:05]} Qg5 {[%clk 00:03:20]} 23. Qg3 {[%clk 00:02:07]}
{[%emt 00:00:19]} Qh6 {[%clk 00:02:19]} {[%emt 00:01:04]} 24. Nb3 {[%clk
00:01:12]} {[%emt 00:00:58]} Re3 {[%clk 00:02:17]} {[%emt 00:00:04]} 25. g5
{[%clk 00:00:56]} {[%emt 00:00:17]} fxg5 {[%clk 00:01:48]} {[%emt 00:00:30]} 26.
Rxe3 {[%clk 00:00:56]} {[%emt 00:00:02]} f5 {[%clk 00:01:49]} 27. Re6 {[%clk
00:00:48]} {[%emt 00:00:10]} Qh5 {[%clk 00:01:40]} {[%emt 00:00:12]} 28. Nc5
{[%clk 00:00:38]} {[%emt 00:00:11]} Bf7 {[%clk 00:01:33]} {[%emt 00:00:11]} 29.
Re7 {[%clk 00:00:35]} {[%emt 00:00:05]} Bd5 {[%clk 00:01:30]} {[%emt 00:00:04]}
30. Qe5 {[%clk 00:00:32]} {[%emt 00:00:04]} Qg6 {[%clk 00:01:26]} {[%emt
00:00:07]} 31. Ne6 {[%clk 00:00:30]} {[%emt 00:00:04]} Bxe6 {[%clk 00:01:08]}
{[%emt 00:00:20]} 32. Qxe6+ {[%clk 00:00:31]} {[%emt 00:00:01]} Qxe6 {[%clk
00:01:08]} {[%emt 00:00:02]} 33. Rxe6 {[%clk 00:00:32]} Rb8 {[%clk 00:01:05]}
{[%emt 00:00:06]} 34. b4 {[%clk 00:00:32]} {[%emt 00:00:01]} a5 {[%clk
00:01:05]} {[%emt 00:00:02]} 35. a3 {[%clk 00:00:34]} axb4 {[%clk 00:01:02]}
{[%emt 00:00:04]} 36. axb4 {[%clk 00:00:35]} g4 {[%clk 00:01:03]} 37. fxg4
{[%clk 00:00:35]} {[%emt 00:00:03]} fxg4 {[%clk 00:01:04]} 38. Rxc6 {[%clk
00:00:35]} a5 {[%clk 00:01:03]} {[%emt 00:00:03]} 39. Ra6 {[%clk 00:00:24]}
{[%emt 00:00:13]} axb4 {[%clk 00:01:04]} {[%emt 00:00:02]} 40. Rb1 {[%clk
00:00:24]} {[%emt 00:00:01]} b3 {[%clk 00:01:02]} {[%emt 00:00:04]} 41. Ra3
{[%clk 00:00:25]} {[%emt 00:00:01]} b2 {[%clk 00:01:01]} {[%emt 00:00:03]} 42.
Ra2 {[%clk 00:00:27]} {[%emt 00:00:01]} Rb3 {[%clk 00:01:02]} 43. Raxb2 {[%clk
00:00:25]} {[%emt 00:00:04]} Rxc3 {[%clk 00:01:03]} 44. Rd2 {[%clk 00:00:24]}
{[%emt 00:00:02]} Kf7 {[%clk 00:00:58]} {[%emt 00:00:07]} 45. Re1 {[%clk
00:00:23]} {[%emt 00:00:03]} Rc6 {[%clk 00:00:54]} {[%emt 00:00:05]} 46. d5
{[%clk 00:00:24]} {[%emt 00:00:02]} Rd6 {[%clk 00:00:52]} {[%emt 00:00:04]} 47.
Re4 {[%clk 00:00:24]} {[%emt 00:00:02]} Ra6 {[%clk 00:00:44]} {[%emt 00:00:10]}
48. Rxg4 {[%clk 00:00:24]} {[%emt 00:00:02]} Ra1+ {[%clk 00:00:45]} 49. Kf2
{[%clk 00:00:24]} {[%emt 00:00:02]} Rh1 {[%clk 00:00:44]} {[%emt 00:00:03]} 50.
Kg3 {[%clk 00:00:25]} {[%emt 00:00:01]} Re1 {[%clk 00:00:38]} {[%emt 00:00:08]}
51. Kxh3 {[%clk 00:00:25]} {[%emt 00:00:02]} Ke7 {[%clk 00:00:37]} {[%emt
00:00:03]} 52. Rxg7+ {[%clk 00:00:26]} {[%emt 00:00:01]} Kf6 {[%clk 00:00:38]}
{[%emt 00:00:01]} 53. Rg3 {[%clk 00:00:25]} {[%emt 00:00:03]} Re7 {[%clk
00:00:35]} {[%emt 00:00:04]} 54. Rf3+ {[%clk 00:00:25]} {[%emt 00:00:02]} Kg5
{[%clk 00:00:35]} {[%emt 00:00:02]} 55. d6 {[%clk 00:00:26]} {[%emt 00:00:02]}
Rd7 {[%clk 00:00:35]} {[%emt 00:00:02]} 56. Rg2+ {[%clk 00:00:25]} {[%emt
00:00:03]} Kh5 {[%clk 00:00:35]} {[%emt 00:00:02]} 57. Rf4 {[%clk 00:00:26]}
{[%emt 00:00:02]} 1-0